| 000 | 00321nam a2200133 a 4500 | ||
|---|---|---|---|
| 001 | 5438 | ||
| 003 | CDMR | ||
| 005 | 20130326114839.0 | ||
| 008 | 130130s1997||||||||||||||||||||||||||||d | ||
| 040 |
_aCDMR _bcat _cCPC LLEIDA |
||
| 245 | 0 | _aPor qué hacemos cine | |
| 260 |
_aLleida _c1997 _bAjuntament de Lleida |
||
| 942 |
_cMON _2udc |
||
| 999 |
_c5438 _d5438 |
||